00643nam a2200181Ia 4500001001000000003000500010008004100015010001100056040000900067082001900076100001900095245011000114300001100224440001800235500010400253650005600357710004800413Para_7973CHAP220125s1923 xx 000 0 und d a205805 cCHAP aPA-C 595.75 H4 aMerrill, G. B. aScale-insects of Florida :b Order :b Hemiptera. Family :b Coccidae /c by G.B. Merril and Jeff Chaffin a128 p. aHemiptera; 10 aSobretiro de : The Quarterly Bull. 7 (4) : 177 304, 1923. Encuadernado con otros impresos similares aHemípteros x colecciones de escritos / Coccidae aChaffin, Jeff. The Quarterly Bulletin 7 (4)